[Event "Aut_2.Bundesliga_Ost_2004/05"]
[Site "?"]
[Date "2005.04.09"]
[Round "10.1"]
[White "Pachta, Paul"]
[Black "Stranz, Richard"]
[Result "1-0"]
[WhiteElo "2159"]
[BlackElo "2272"]
[PlyCount "87"]
[EventDate "2004.10.09"]

1. d4 Nf6 2. Nf3 c5 3. d5 e6 4. c4 b5 5. Bg5 Qa5+ 6. Qd2 Qxd2+ 7. Nbxd2 bxc4 8.
e4 Bb7 9. Bxf6 gxf6 10. Bxc4 Na6 11. O-O-O Rg8 12. g3 Nc7 13. Rhe1 O-O-O 14.
Nb3 f5 15. Ne5 fxe4 16. d6 f6 17. dxc7 Kxc7 18. Nxd7 Rxd7 19. Bxe6 Rxd1+ 20.
Rxd1 Rg7 21. Bf5 h5 22. Nd2 Re7 23. Nc4 Bc6 24. Kc2 Bb5 25. Ne3 Re5 26. Rd5
Bd3+ 27. Kc3 Bd6 28. f4 Re7 29. Bg6 h4 30. Nf5 hxg3 31. hxg3 Rd7 32. Nxd6 Kc6
33. Rxd3 exd3 34. Be8 Kxd6 35. Bxd7 Kxd7 36. Kxd3 f5 37. Kc4 Kc6 38. b3 a6 39.
Kc3 Kd5 40. Kd3 Kd6 41. Ke3 Kd5 42. Kf3 c4 43. bxc4+ Kxc4 44. g4 1-0

[Event "Aut_2.Bundesliga_Ost_2004/05"]
[Site "?"]
[Date "2005.04.09"]
[Round "10.1"]
[White "Krpelan, Wolfgang"]
[Black "Vitouch, Anatol"]
[Result "1-0"]
[WhiteElo "2246"]
[BlackElo "2185"]
[PlyCount "49"]
[EventDate "2004.10.09"]

1. d4 Nf6 2. Nf3 e6 3. Bf4 b6 4. e3 Bb7 5. Bd3 c5 6. O-O Be7 7. h3 O-O 8. Nbd2
d5 9. c3 Nbd7 10. Ne5 Nxe5 11. Bxe5 Nd7 12. Bh2 f5 13. Nf3 Bf6 14. b4 a5 15.
bxc5 bxc5 16. Rb1 Bc6 17. Bb5 Bxb5 18. Rxb5 cxd4 19. cxd4 Qc8 20. Qb1 Qa6 21.
Rb7 Rfd8 22. Rc1 Nf8 23. Rb6 Qe2 24. Rbc6 Ra6 25. R1c2 1-0

[Event "Aut_2.Bundesliga_Ost_2004/05"]
[Site "?"]
[Date "2005.04.09"]
[Round "10.1"]
[White "Wirius, Johannes"]
[Black "Ranits, Franz"]
[Result "1-0"]
[WhiteElo "2182"]
[BlackElo "2272"]
[PlyCount "134"]
[EventDate "2004.10.09"]

1. e4 Nf6 2. e5 Nd5 3. d4 d6 4. c4 Nb6 5. exd6 cxd6 6. Nc3 g6 7. h3 Bg7 8. Nf3
O-O 9. Be2 Nc6 10. O-O Bf5 11. Be3 d5 12. c5 Nc4 13. Bc1 Nb4 14. b3 Na5 15. Bb2
b6 16. cxb6 axb6 17. Qd2 Nac6 18. Na4 Qb8 19. Rfc1 Rc8 20. a3 Na6 21. b4 Nc7
22. Rxc6 Rxa4 23. Rac1 Ra8 24. Qc3 Ne8 25. Ne5 Qb7 26. Bg4 Bxg4 27. hxg4 Nd6
28. b5 e6 29. Qb3 Bxe5 30. Rxc8+ Rxc8 31. Rxc8+ Qxc8 32. dxe5 Qc4 33. exd6 Qxb3
34. d7 Qxb2 35. d8=Q+ Kg7 36. Qxb6 d4 37. Qd6 Qb1+ 38. Kh2 Qxb5 39. Qxd4+ e5
40. Qc3 f6 41. Qc7+ Kh6 42. Qc1+ Kg7 43. Qc7+ Kh6 44. Qd6 Kg5 45. Kg3 Qb3+ 46.
f3 Qe3 47. Qb4 Qc1 48. a4 h5 49. gxh5 gxh5 50. a5 Qf1 51. Qh4+ Kg6 52. Qa4 Qe1+
53. Kh2 f5 54. a6 Kg5 55. Qc4 Qa1 56. Qg8+ Kf4 57. Qg6 Ke3 58. Qxf5 Qxa6 59.
Qxe5+ Kf2 60. Qc5+ Kf1 61. Qxh5 Qd6+ 62. Kh3 Kg1 63. g3 Kf2 64. f4 Qe6+ 65. f5
Qd6 66. Qh4 Qd1 67. Qf4+ Kg1 1-0

[Event "Aut_2.Bundesliga_Ost_2004/05"]
[Site "?"]
[Date "2005.04.09"]
[Round "10.1"]
[White "Kocsisek, Marcus"]
[Black "Goetz, Alexander"]
[Result "0-1"]
[WhiteElo "2220"]
[BlackElo "2189"]
[PlyCount "54"]
[EventDate "2004.10.09"]

1. d4 Nf6 2. Nf3 g6 3. e3 Bg7 4. Bd3 O-O 5. O-O d6 6. Nbd2 Nbd7 7. c3 e5 8. e4
b6 9. Re1 Bb7 10. Nc4 exd4 11. cxd4 Nxe4 12. Rxe4 d5 13. Re3 dxc4 14. Bxc4 Bxf3
15. Rxf3 Ne5 16. Rc3 c5 17. d5 Nc6 18. Rg3 Nd4 19. Bg5 Qd6 20. a4 a6 21. Re3
Rfe8 22. Qd3 Be5 23. g3 b5 24. axb5 axb5 25. Rxa8 Rxa8 26. Qe4 bxc4 27. f4 Bf6
0-1

[Event "Aut_2.Bundesliga_Ost_2004/05"]
[Site "?"]
[Date "2005.04.09"]
[Round "10.2"]
[White "Lipka, Juraj"]
[Black "Likavsky, Tomas"]
[Result "1/2-1/2"]
[WhiteElo "2387"]
[BlackElo "2449"]
[PlyCount "50"]
[EventDate "2004.10.09"]

1. Nf3 e6 2. c4 d5 3. d4 Nf6 4. g3 dxc4 5. Qa4+ Nbd7 6. Bg2 a6 7. Nc3 Rb8 8.
Qxc4 b5 9. Qd3 Bb7 10. O-O c5 11. dxc5 Nxc5 12. Qxd8+ Rxd8 13. Be3 Ng4 14. Bxc5
Bxc5 15. h3 Nf6 16. Rac1 Bd6 17. Rfd1 Ke7 18. Nd4 Bxg2 19. Kxg2 Rc8 20. a4 bxa4
21. Nxa4 Nd5 22. Nc6+ Kd7 23. Ne5+ Ke7 24. Nc6+ Kd7 25. Ne5+ Ke7 1/2-1/2

[Event "Aut_2.Bundesliga_Ost_2004/05"]
[Site "?"]
[Date "2005.04.09"]
[Round "10.2"]
[White "Plank, Franz"]
[Black "Alvir, Aco"]
[Result "1/2-1/2"]
[WhiteElo "2305"]
[BlackElo "2381"]
[PlyCount "109"]
[EventDate "2004.10.09"]

1. e4 g6 2. Bc4 Bg7 3. d4 e6 4. c3 Ne7 5. Bb3 b6 6. Nd2 Bb7 7. Ngf3 d6 8. O-O
h6 9. Re1 Nd7 10. a4 a5 11. Nf1 c6 12. Ng3 Qc7 13. Qe2 Ba6 14. Bc4 Bxc4 15.
Qxc4 d5 16. exd5 Nxd5 17. Bd2 O-O 18. Qe2 Rfe8 19. Ne5 b5 20. Nxd7 Qxd7 21. Ne4
e5 22. dxe5 Rxe5 23. Qd3 Nb6 24. Qxd7 Nxd7 25. Bf4 Rd5 26. axb5 cxb5 27. Red1
Rxd1+ 28. Rxd1 Nb6 29. Nd6 Na4 30. Nxb5 Nxb2 31. Rb1 Nc4 32. Kf1 g5 33. Bc1 Re8
34. Nd4 Bxd4 35. cxd4 Re4 36. Rb8+ Kh7 37. Be3 Nxe3+ 38. fxe3 Rxe3 39. Ra8 Re4
40. Rxa5 Rxd4 41. Kf2 Kg6 42. h3 Rd3 43. Ra6+ f6 44. Ra5 h5 45. Rb5 Rd4 46. Kf3
Rd2 47. Ra5 Rd6 48. Rb5 f5 49. Rb8 g4+ 50. hxg4 hxg4+ 51. Kf4 Rd2 52. Rg8+ Kf7
53. Ra8 Rf2+ 54. Kg3 Rd2 55. Kf4 1/2-1/2

[Event "Aut_2.Bundesliga_Ost_2004/05"]
[Site "?"]
[Date "2005.04.09"]
[Round "10.2"]
[White "Smolen, Jan"]
[Black "Achs, Reinhold"]
[Result "1-0"]
[WhiteElo "2334"]
[BlackElo "2166"]
[PlyCount "97"]
[EventDate "2004.10.09"]

1. e4 Nf6 2. Nc3 d5 3. e5 Nfd7 4. f4 e6 5. d4 c5 6. Nf3 Nc6 7. Be3 Be7 8. Qd2
f6 9. exf6 Bxf6 10. dxc5 Qa5 11. Nb5 Qxd2+ 12. Kxd2 O-O 13. Nc7 Bxb2 14. Rb1 d4
15. Nxa8 Bc3+ 16. Kd3 Nxc5+ 17. Kc4 b6 18. Bxd4 Bxd4 19. Nxd4 Rxf4 20. c3 Ba6+
21. Rb5 e5 22. Kd5 exd4 23. Kxc6 Bb7+ 24. Kc7 Bxa8 25. Rb4 Rf7+ 26. Kb8 Bd5 27.
Rxd4 Rb7+ 28. Kc8 Be6+ 29. Kd8 Bxa2 30. Bc4+ Bxc4 31. Rxc4 Rd7+ 32. Kc8 Rd2 33.
Rg4 h5 34. Rg3 Ne4 35. Re3 Nd6+ 36. Kc7 Nf5 37. Rf3 Nh4 38. Rg3 Rc2 39. Rf1 g6
40. Kb7 Ra2 41. Rf6 Kg7 42. Rc6 Kf7 43. Rd3 Ke7 44. g3 Nf5 45. h4 Kf7 46. Rd7+
Ne7 47. Rcc7 Re2 48. Kxa7 Kf6 49. Rxe7 1-0

[Event "Aut_2.Bundesliga_Ost_2004/05"]
[Site "?"]
[Date "2005.04.09"]
[Round "10.2"]
[White "Allacher, Erwin"]
[Black "Kuthan, Andreas"]
[Result "1-0"]
[WhiteElo "2147"]
[BlackElo "2235"]
[PlyCount "129"]
[EventDate "2004.10.09"]

1. d4 Nf6 2. c4 g6 3. Nc3 Bg7 4. e4 O-O 5. Be2 d6 6. Bg5 Na6 7. h4 c5 8. d5 Nc7
9. Qd2 e6 10. O-O-O exd5 11. exd5 Re8 12. h5 b5 13. cxb5 a6 14. bxa6 Bxa6 15.
hxg6 hxg6 16. Bxa6 Rxa6 17. Qf4 Re5 18. Nf3 Rf5 19. Qc4 Qa8 20. Rd2 Ncxd5 21.
Bxf6 Nxf6 22. Kb1 d5 23. Qxc5 d4 24. Qxd4 Nd5 25. Qd3 Nxc3+ 26. bxc3 Rb6+ 27.
Rb2 Qb8 28. Rxb6 Qxb6+ 29. Ka1 Qxf2 30. Rb1 Qc5 31. Rb3 Rd5 32. Qc2 Bf6 33. Kb2
Qc4 34. Nd2 Qg4 35. Ne4 Be5 36. Rb4 Kg7 37. a3 Qf5 38. g4 Qf3 39. Ng5 Qe3 40.
Ne4 Rd3 41. Kb3 Qf3 42. Rc4 Re3 43. g5 Re2 44. Qb1 Qe3 45. Rb4 Re1 46. Qc2 Rc1
47. Qb2 Qe1 48. Ka4 Qd1+ 49. Qb3 Qd7+ 50. Rb5 Qe7 51. Ra5 Qd7+ 52. Qb5 Qd1+ 53.
Qb3 Qd7+ 54. Rb5 Qa7+ 55. Kb4 Qe7+ 56. Nc5 Rxc3 57. Qd5 Rc1 58. Ka4 Qa7+ 59.
Kb4 Rb1+ 60. Nb3 Qe7+ 61. Kc4 Bb2 62. a4 Re1 63. Rb7 Re4+ 64. Kd3 Qe8 65. Qxe4
1-0

[Event "Aut_2.Bundesliga_Ost_2004/05"]
[Site "?"]
[Date "2005.04.09"]
[Round "10.2"]
[White "Froschauer, Hans"]
[Black "Leber, Franz"]
[Result "1/2-1/2"]
[WhiteElo "2122"]
[BlackElo "2119"]
[PlyCount "26"]
[EventDate "2004.10.09"]

1. Nf3 d5 2. d4 Nf6 3. g3 c6 4. Bg2 Bf5 5. O-O e6 6. Nbd2 Bd6 7. c4 Nbd7 8. Nh4
Bg4 9. Re1 Bh5 10. Qb3 Rb8 11. e4 dxe4 12. Nxe4 Nxe4 13. Bxe4 O-O 1/2-1/2

[Event "Aut_2.Bundesliga_Ost_2004/05"]
[Site "?"]
[Date "2005.04.09"]
[Round "10.2"]
[White "Zwinger, Stefan"]
[Black "Bauer, Manfred"]
[Result "1/2-1/2"]
[WhiteElo "2040"]
[BlackElo "2021"]
[PlyCount "29"]
[EventDate "2004.10.09"]

1. d4 g6 2. c4 Bg7 3. Nc3 d6 4. e4 Nc6 5. Nf3 e5 6. d5 Nce7 7. Bd3 f5 8. exf5
Nxf5 9. O-O Nf6 10. Qc2 O-O 11. Bd2 c5 12. dxc6 bxc6 13. Rad1 Qc7 14. Ne4 Nxe4
15. Bxe4 1/2-1/2

[Event "Aut_2.Bundesliga_Ost_2004/05"]
[Site "?"]
[Date "2005.04.09"]
[Round "10.3"]
[White "Videki, Sandor"]
[Black "Pingitzer, Harald"]
[Result "1/2-1/2"]
[WhiteElo "2414"]
[BlackElo "2389"]
[PlyCount "53"]
[EventDate "2004.10.09"]

1. e4 c6 2. d4 d5 3. e5 Na6 4. Nd2 Nc7 5. Bd3 g6 6. Ndf3 Bg7 7. h3 Nh6 8. c3 f6
9. Qc2 Bf5 10. Bxf5 Nxf5 11. Bf4 O-O 12. Ne2 Ne6 13. Bh2 Qd7 14. O-O Rf7 15.
Rae1 Bh6 16. Nc1 Nfg7 17. exf6 exf6 18. Nd3 Re8 19. Re2 Rfe7 20. Rfe1 b6 21.
Kf1 Nh5 22. Qa4 Bf8 23. Qc2 Bh6 24. g4 Nhf4 25. Bxf4 Nxf4 26. Nxf4 Bxf4 27.
Rxe7 1/2-1/2

[Event "Aut_2.Bundesliga_Ost_2004/05"]
[Site "?"]
[Date "2005.04.09"]
[Round "10.3"]
[White "Sandhu, Mario"]
[Black "Gross, Stefan"]
[Result "1-0"]
[WhiteElo "2314"]
[BlackElo "2274"]
[PlyCount "51"]
[EventDate "2004.10.09"]

1. e4 c5 2. Nf3 e6 3. d4 cxd4 4. Nxd4 a6 5. Nc3 Qc7 6. g3 Bb4 7. Bd2 Nf6 8. Qe2
Nc6 9. Nb3 Be7 10. Bg2 d6 11. f4 Rb8 12. O-O-O b5 13. e5 dxe5 14. fxe5 Nd7 15.
Bf4 O-O 16. Nd5 exd5 17. e6 Bd6 18. Bxd6 Qxd6 19. exd7 Bxd7 20. Rxd5 Qc7 21.
Rhd1 Rfd8 22. Nc5 Nb4 23. Nxd7 Ra8 24. Nf6+ gxf6 25. Qg4+ Kh8 26. Rxd8+ 1-0

[Event "Aut_2.Bundesliga_Ost_2004/05"]
[Site "?"]
[Date "2005.04.09"]
[Round "10.3"]
[White "Neumeier, Klaus"]
[Black "Hofbauer, Martin"]
[Result "1/2-1/2"]
[WhiteElo "2304"]
[BlackElo "2334"]
[PlyCount "82"]
[EventDate "2004.10.09"]

1. e4 e5 2. Nf3 Nf6 3. d4 Nxe4 4. Bd3 d5 5. Nxe5 Nd7 6. Nxd7 Bxd7 7. O-O Bd6 8.
Nc3 Nxc3 9. bxc3 O-O 10. Rb1 Qc8 11. Qh5 f5 12. Re1 Re8 13. Bd2 Rxe1+ 14. Rxe1
Qf8 15. c4 c6 16. Qf3 Qf7 17. c5 Bf8 18. Rb1 Be6 19. Bf4 Re8 20. a4 Bc8 21. a5
a6 22. Qg3 Be7 23. Be5 Bd8 24. Ra1 Qg6 25. Qe3 Qg5 26. f4 Qe7 27. Qd2 Bc7 28.
Bxc7 Qxc7 29. Re1 Rxe1+ 30. Qxe1 Kf7 31. g3 Qe7 32. Qd2 Kf6 33. Kf2 h6 34. Qb4
g5 35. fxg5+ hxg5 36. Qd2 Kg7 37. Qe3 Qxe3+ 38. Kxe3 Kf6 39. h4 Be6 40. hxg5+
Kxg5 41. Be2 Bf7 1/2-1/2

[Event "Aut_2.Bundesliga_Ost_2004/05"]
[Site "?"]
[Date "2005.04.09"]
[Round "10.3"]
[White "Schneider-Zinner, Harald"]
[Black "Weissenbeck, Manuel"]
[Result "1/2-1/2"]
[WhiteElo "2358"]
[BlackElo "2254"]
[PlyCount "50"]
[EventDate "2004.10.09"]

1. d4 Nf6 2. c4 e6 3. Nf3 Bb4+ 4. Bd2 Qe7 5. g3 b6 6. Bg2 Bb7 7. O-O Bxd2 8.
Qxd2 O-O 9. Nc3 Ne4 10. Nxe4 Bxe4 11. Qf4 d5 12. cxd5 exd5 13. Rac1 c6 14. Bh3
a5 15. Ne5 Qb4 16. f3 Bg6 17. Nxg6 hxg6 18. Rc2 Ra7 19. a3 Qa4 20. Rd2 Rd8 21.
e4 Na6 22. e5 c5 23. Rfd1 c4 24. Qg5 Qe8 25. Qe3 b5 1/2-1/2

[Event "Aut_2.Bundesliga_Ost_2004/05"]
[Site "?"]
[Date "2005.04.09"]
[Round "10.3"]
[White "Hechl, Gerald"]
[Black "Holzer, Gerhard"]
[Result "1/2-1/2"]
[WhiteElo "2252"]
[BlackElo "2276"]
[PlyCount "127"]
[EventDate "2004.10.09"]

1. e4 c5 2. a3 e6 3. b4 d5 4. exd5 exd5 5. Bb2 Nf6 6. Bb5+ Nc6 7. Qe2+ Be6 8.
Nh3 Qe7 9. Nf4 Bg4 10. Bxf6 Qxe2+ 11. Bxe2 Bxe2 12. Kxe2 gxf6 13. Nxd5 O-O-O
14. Nbc3 cxb4 15. axb4 Rg8 16. g3 Rg5 17. f4 Nd4+ 18. Kd1 Rgxd5 19. Nxd5 Rxd5
20. Rxa7 Kb8 21. Ra5 Rd8 22. c3 Nc6 23. Rf5 Ne7 24. Rxf6 Nd5 25. Rxf7 Nxc3+ 26.
Kc2 Nd5 27. b5 Bc5 28. Kb3 Nc7 29. Rc1 b6 30. Rxh7 Rxd2 31. Re1 Rd4 32. Kc2
Rc4+ 33. Kd3 Rd4+ 34. Ke2 Nxb5 35. Kf3 Rd8 36. Re5 Nd4+ 37. Ke4 Nc6 38. Rd5
Re8+ 39. Kf3 Nd4+ 40. Kg4 Rg8+ 41. Rg5 Rc8 42. Rd7 Ne6 43. Re5 Rg8+ 44. Kf5 Nc7
45. Ke4 Kc8 46. Rd3 Kb7 47. f5 Kc6 48. f6 Bd6 49. f7 Rf8 50. Rf5 Ne6 51. Rdf3
b5 52. h4 b4 53. g4 Rb8 54. Rf6 Kd7 55. Kd5 Bf8 56. Rd3 Nc5 57. Rd1 Na4 58.
Ke5+ Ke7 59. Re6+ Kxf7 60. Rf1+ Kg8 61. Rg6+ Kh8 62. Kf6 b3 63. Rg5 b2 64. Rh5+
1/2-1/2

[Event "Aut_2.Bundesliga_Ost_2004/05"]
[Site "?"]
[Date "2005.04.09"]
[Round "10.3"]
[White "Schwab, Rene"]
[Black "Wanderer, Thomas"]
[Result "1-0"]
[WhiteElo "2268"]
[BlackElo "2206"]
[PlyCount "104"]
[EventDate "2004.10.09"]

1. e4 c5 2. Nf3 e6 3. b3 a6 4. Bb2 d6 5. g3 Nf6 6. d3 Be7 7. Bg2 O-O 8. O-O b6
9. Nbd2 Ra7 10. Re1 Nbd7 11. Nf1 Rc7 12. h4 Ng4 13. Rb1 Bf6 14. c3 Nge5 15.
N3h2 Bb7 16. f4 Nc6 17. Ne3 g6 18. Nf3 Bg7 19. h5 Nf6 20. hxg6 fxg6 21. Bh3 Bc8
22. Nc4 e5 23. f5 b5 24. Nb6 h6 25. Nxc8 Qxc8 26. Nh4 Ne7 27. Kh2 g5 28. Ng6
Nxg6 29. fxg6 g4 30. Bg2 Qe8 31. d4 Qxg6 32. dxe5 Qh5+ 33. Kg1 Qxe5 34. c4 Qxg3
35. e5 Nh5 36. Qd5+ Kh8 37. exd6 Qf2+ 38. Kh2 Qh4+ 39. Kg1 Bxb2 40. Re4 Qf2+
41. Kh2 Nf4 42. Rxb2 g3+ 43. Kh1 Qxb2 44. Qe5+ Qxe5 45. Rxe5 Rd7 46. cxb5 Rxd6
47. Re1 axb5 48. a4 bxa4 49. bxa4 Rd2 50. Rg1 Rxg2 51. Rf1 Rh2+ 52. Kg1 Ne2#
1-0

[Event "Aut_2.Bundesliga_Ost_2004/05"]
[Site "?"]
[Date "2005.04.09"]
[Round "10.4"]
[White "Plachetka, Jan"]
[Black "Loeffler, Stefan"]
[Result "1-0"]
[WhiteElo "2435"]
[BlackElo "2432"]
[PlyCount "74"]
[EventDate "2004.10.09"]

1. e4 Nf6 2. e5 Nd5 3. d4 d6 4. Nf3 dxe5 5. Nxe5 c6 6. Qf3 Be6 7. Bc4 Nd7 8.
Nd3 g6 9. O-O Bg7 10. c3 O-O 11. Nd2 Bf5 12. Bb3 a5 13. a4 Qc7 14. Nc4 Bxd3 15.
Qxd3 c5 16. Na3 e6 17. Nb5 Qc6 18. Bd2 Rfc8 19. Qg3 cxd4 20. cxd4 N7f6 21. Rfc1
Qa6 22. Qf3 Rc6 23. h3 Rac8 24. Rxc6 bxc6 25. Nd6 Rb8 26. Nc4 Nd7 27. Nxa5 Bxd4
28. Rc1 Ne5 29. Qg3 Nb4 30. Rc4 Bxf2+ 31. Qxf2 Qxa5 32. Qf6 Nxc4 33. Bc3 e5 34.
Bxc4 Qa7+ 35. Kh1 Nd5 36. Bxd5 cxd5 37. Bxe5 Kf8 1-0

[Event "Aut_2.Bundesliga_Ost_2004/05"]
[Site "?"]
[Date "2005.04.09"]
[Round "10.4"]
[White "Miniboeck, Guenter"]
[Black "Pokorna, Regina"]
[Result "1/2-1/2"]
[WhiteElo "2345"]
[BlackElo "2370"]
[PlyCount "84"]
[EventDate "2004.10.09"]

1. d4 Nf6 2. c4 e6 3. Nc3 Bb4 4. Qc2 O-O 5. a3 Bxc3+ 6. Qxc3 b6 7. Bg5 Bb7 8.
f3 d5 9. e3 Re8 10. Bd3 h6 11. Bh4 Nbd7 12. Ne2 c5 13. cxd5 Nxd5 14. Bxd8 Nxc3
15. Bxb6 axb6 16. Nxc3 cxd4 17. exd4 e5 18. dxe5 Nxe5 19. O-O-O Nxf3 20. Bb5
Reb8 21. gxf3 Bxf3 22. Rhf1 Bxd1 23. Kxd1 Rd8+ 24. Ke2 Ra7 25. Rf2 Re7+ 26. Kf3
Rd4 27. b3 Rd6 28. Bc4 Rf6+ 29. Kg2 Rxf2+ 30. Kxf2 Rd7 31. a4 g5 32. Nd5 Rd6
33. b4 Kf8 34. a5 bxa5 35. bxa5 Rc6 36. Nb6 Kg7 37. a6 Rxb6 38. a7 Rc6 39. Bd5
Ra6 40. a8=Q Rxa8 41. Bxa8 f5 42. Bc6 h5 1/2-1/2

[Event "Aut_2.Bundesliga_Ost_2004/05"]
[Site "?"]
[Date "2005.04.09"]
[Round "10.4"]
[White "Staudner, Oliver"]
[Black "Brandner, Stefan"]
[Result "0-1"]
[WhiteElo "2392"]
[BlackElo "2316"]
[PlyCount "64"]
[EventDate "2004.10.09"]

1. e4 e5 2. Nf3 Nc6 3. Nc3 Nf6 4. d4 exd4 5. Nxd4 Bb4 6. Nxc6 bxc6 7. Bd3 d5 8.
exd5 cxd5 9. O-O O-O 10. Bg5 c6 11. Na4 Bd6 12. Re1 Rb8 13. c3 h6 14. Bh4 c5
15. Bc2 Bd7 16. Rb1 d4 17. cxd4 Bxa4 18. Bxa4 Rb4 19. dxc5 Bxh2+ 20. Kxh2 Rxh4+
21. Kg1 Qc7 22. g3 Rg4 23. Qc2 h5 24. Re3 h4 25. Kg2 Qf4 26. Bb3 hxg3 27. Rxg3
Nh5 28. Rxg4 Qxg4+ 29. Kh2 Nf4 30. f3 Qh4+ 31. Kg1 Re8 32. Rd1 Ne2+ 0-1

[Event "Aut_2.Bundesliga_Ost_2004/05"]
[Site "?"]
[Date "2005.04.09"]
[Round "10.4"]
[White "Sulyok, Michael"]
[Black "Beckhuis, Gernod"]
[Result "1/2-1/2"]
[WhiteElo "2205"]
[BlackElo "2299"]
[PlyCount "87"]
[EventDate "2004.10.09"]

1. c4 e6 2. Nf3 Nf6 3. g3 b6 4. Bg2 Bb7 5. Nc3 c5 6. O-O Be7 7. Re1 d6 8. e4
Nbd7 9. d4 cxd4 10. Nxd4 Qc7 11. b3 a6 12. Bb2 O-O 13. Rc1 Rfe8 14. f4 Bf8 15.
Rc2 Rad8 16. g4 g6 17. Rf2 e5 18. Nc2 exf4 19. g5 Nh5 20. Nb4 d5 21. Ncxd5 Qb8
22. Nd3 Nc5 23. N3xf4 Bxd5 24. Nxh5 gxh5 25. Qd4 Qe5 26. Qxe5 Rxe5 27. Bxe5 Nd3
28. Bc7 Rc8 29. Bxb6 Bxc4 30. bxc4 Nxe1 31. Bf1 Bc5 32. Bxc5 Rxc5 33. h4 Re5
34. Be2 Rxe4 35. Bxh5 Rxh4 36. Bxf7+ Kg7 37. Bd5 Nd3 38. Rf7+ Kg6 39. Rf6+ Kxg5
40. Rxa6 Kf5 41. Ra5 Ke5 42. Bf7+ Kf6 43. Bd5 Ke5 44. Bf7+ 1/2-1/2

[Event "Aut_2.Bundesliga_Ost_2004/05"]
[Site "?"]
[Date "2005.04.09"]
[Round "10.4"]
[White "Vokroj, Rene"]
[Black "Herndlbauer, Martin"]
[Result "1-0"]
[WhiteElo "2280"]
[BlackElo "2132"]
[PlyCount "115"]
[EventDate "2004.10.09"]

1. e4 c5 2. Nf3 Nc6 3. d3 g6 4. Be3 Bg7 5. c3 b6 6. d4 d6 7. Bb5 Bd7 8. Qe2 Nf6
9. e5 Nd5 10. exd6 Nxe3 11. Qxe3 cxd4 12. Qe2 e6 13. Qe4 Rc8 14. Ba6 Rb8 15.
Bb5 Qc8 16. O-O a6 17. Be2 O-O 18. cxd4 Nb4 19. Nc3 Bc6 20. Qf4 Qb7 21. Rac1
Rbd8 22. a3 Nd5 23. Nxd5 exd5 24. Bxa6 Qxa6 25. Rxc6 Qb5 26. Qc1 Rfe8 27. h3
Bf8 28. a4 Qxa4 29. Rxb6 Bxd6 30. Qh6 Bf8 31. Qf4 Bg7 32. Rb7 Rd7 33. b3 Qc6
34. Rb8 Rb7 35. Rxe8+ Qxe8 36. Re1 Qc6 37. Rc1 Qd7 38. Rc3 Rb4 39. Rc7 Qe8 40.
Qc1 Rb8 41. Qc5 Qe4 42. Rd7 Qb1+ 43. Kh2 Qxb3 44. Qxd5 Qxd5 45. Rxd5 Rb4 46.
Rd8+ Bf8 47. Ne5 f6 48. Nd7 Rxd4 49. Nxf6+ Kf7 50. Rxd4 Kxf6 51. f4 h5 52. Kg3
Ke6 53. Kf3 Bc5 54. Ra4 Bd6 55. Ke4 Kf7 56. f5 gxf5+ 57. Kxf5 Bg3 58. h4 1-0

[Event "Aut_2.Bundesliga_Ost_2004/05"]
[Site "?"]
[Date "2005.04.09"]
[Round "10.4"]
[White "Zojer, Stefan"]
[Black "Bukacek, Emil"]
[Result "1/2-1/2"]
[WhiteElo "2132"]
[BlackElo "2240"]
[PlyCount "95"]
[EventDate "2004.10.09"]

1. d4 f5 2. e4 fxe4 3. Nc3 Nf6 4. Bg5 Nc6 5. d5 Ne5 6. Qe2 Nf7 7. Bxf6 exf6 8.
Qxe4+ Qe7 9. O-O-O Qxe4 10. Nxe4 Be7 11. f4 O-O 12. Nf3 f5 13. Ng3 g6 14. Bd3
Bf6 15. Rhe1 d6 16. Bb5 a6 17. Be8 b5 18. Bc6 Rb8 19. Ne2 Bb7 20. Ned4 Bxc6 21.
Nxc6 Ra8 22. Nfd4 Bxd4 23. Nxd4 Nd8 24. Re7 Rf7 25. Rde1 Nb7 26. Re8+ Rf8 27.
Rxa8 Rxa8 28. Re7 Nc5 29. Rxc7 Re8 30. b4 Na4 31. Rc6 Re4 32. Ne6 Rxb4 33. Rxd6
Nc3 34. Rd7 Rb1+ 35. Kd2 Ne4+ 36. Ke3 Nf6 37. Rg7+ Kh8 38. Rf7 Nxd5+ 39. Kd2 h6
40. Rf8+ Kh7 41. Ra8 Rg1 42. g3 Rg2+ 43. Kc1 Rxh2 44. Ra7+ Kh8 45. Ra8+ Kh7 46.
Ra7+ Kg8 47. Rg7+ Kh8 48. Rf7 1/2-1/2

[Event "Aut_2.Bundesliga_Ost_2004/05"]
[Site "?"]
[Date "2005.04.09"]
[Round "10.5"]
[White "Polak, Thomas"]
[Black "Srienz, Christian"]
[Result "1/2-1/2"]
[WhiteElo "2466"]
[BlackElo "2285"]
[PlyCount "69"]
[EventDate "2004.10.09"]

1. d4 Nf6 2. c4 e6 3. Nf3 c5 4. d5 exd5 5. cxd5 d6 6. Nc3 g6 7. h3 Bg7 8. e4
O-O 9. Bd3 b5 10. Nxb5 Re8 11. O-O Nxe4 12. Qa4 a6 13. Re1 Nd7 14. Rxe4 Rxe4
15. Qxe4 Nf6 16. Qh4 axb5 17. Bxb5 Bb7 18. Bc6 Qb6 19. Bg5 Bxc6 20. dxc6 Qxc6
21. Bxf6 Ra4 22. Nd4 cxd4 23. Bxg7 Kxg7 24. Rd1 Qd5 25. a3 Qe5 26. Qg4 Rc4 27.
Qf3 Rc2 28. Qd3 Re2 29. Kf1 Rxb2 30. Qxd4 Ra2 31. f4 Qxd4 32. Rxd4 Rxa3 33.
Rxd6 Ra4 34. g3 Ra2 35. Rd5 1/2-1/2

[Event "Aut_2.Bundesliga_Ost_2004/05"]
[Site "?"]
[Date "2005.04.09"]
[Round "10.5"]
[White "Wukits, Rene"]
[Black "Chytilek, Roman"]
[Result "0-1"]
[WhiteElo "2265"]
[BlackElo "2424"]
[PlyCount "50"]
[EventDate "2004.10.09"]

1. d4 Nf6 2. c4 c5 3. d5 b5 4. cxb5 a6 5. bxa6 g6 6. Nf3 Bg7 7. g3 d6 8. Bg2
Nbd7 9. O-O O-O 10. Nc3 Nb6 11. Nh4 Bxa6 12. Qc2 Ra7 13. Rb1 Bc4 14. Rd1 Bxa2
15. Nxa2 Rxa2 16. h3 Qa8 17. e4 Qa4 18. Qd3 c4 19. b3 cxd3 20. bxa4 Nxa4 21.
Rxd3 Nc5 22. Ra3 Rxa3 23. Bxa3 Nfxe4 24. Bxe4 Nxe4 25. Re1 f5 0-1

[Event "Aut_2.Bundesliga_Ost_2004/05"]
[Site "?"]
[Date "2005.04.09"]
[Round "10.5"]
[White "Groetz, Harald"]
[Black "Kreindl, Helmut"]
[Result "1-0"]
[WhiteElo "2299"]
[BlackElo "2208"]
[PlyCount "113"]
[EventDate "2004.10.09"]

1. e4 d5 2. exd5 Nf6 3. d4 Nxd5 4. Nf3 Bg4 5. Be2 Nc6 6. O-O e6 7. h3 Bh5 8. c4
Nb6 9. Nc3 Be7 10. Be3 Bxf3 11. Bxf3 Nxc4 12. Bxc6+ bxc6 13. Qa4 Nb6 14. Qxc6+
Qd7 15. Qf3 O-O 16. Rac1 Bd6 17. Rfd1 Nd5 18. Kh1 c6 19. Rc2 Rab8 20. b3 Rb4
21. Rdc1 h6 22. Na4 Rc8 23. Nb2 Rb5 24. Nc4 a5 25. Bd2 Nb4 26. Bxb4 axb4 27.
Nxd6 Qxd6 28. Rxc6 Rxc6 29. Qxc6 Qf4 30. Rc5 Rxc5 31. Qxc5 Qxf2 32. Qxb4 Qxa2
33. Qc4 Qf2 34. b4 g5 35. b5 g4 36. hxg4 Qe1+ 37. Kh2 Qh4+ 38. Kg1 Qe1+ 39. Qf1
Qb4 40. Qd3 Qe1+ 41. Kh2 Qh4+ 42. Qh3 Qg5 43. b6 Qb5 44. Qxh6 Qxb6 45. Qg5+ Kh7
46. Qe5 Qd8 47. Kg3 Qa8 48. g5 Qd8 49. Kh4 Kg6 50. Kg4 Qd7 51. Qf6+ Kh7 52. Kh5
Qc7 53. g6+ fxg6+ 54. Qxg6+ Kh8 55. Qh6+ Kg8 56. Qxe6+ Kh8 57. Qe5+ 1-0

[Event "Aut_2.Bundesliga_Ost_2004/05"]
[Site "?"]
[Date "2005.04.09"]
[Round "10.5"]
[White "Wallner, Alfred"]
[Black "Hangweyrer, Manfred"]
[Result "1-0"]
[WhiteElo "2232"]
[BlackElo "2347"]
[PlyCount "63"]
[EventDate "2004.10.09"]

1. e4 d6 2. d4 Nf6 3. Nc3 Nbd7 4. Nf3 e5 5. Bc4 Be7 6. O-O O-O 7. Re1 c6 8. a4
b6 9. h3 Bb7 10. Ba2 h6 11. Nh4 Nxe4 12. Nxe4 Bxh4 13. dxe5 dxe5 14. Qh5 Kh7
15. Bxf7 Qe7 16. Bxh6 Qxf7 17. Qxh4 Qg6 18. Rad1 Qxh6 19. Qxh6+ Kxh6 20. Rxd7
Bc8 21. Rd6+ g6 22. Rxc6 Bd7 23. Rc7 Bxa4 24. Ra1 Bb5 25. Raxa7 Rxa7 26. Rxa7
Rc8 27. c3 Rd8 28. Re7 Rd1+ 29. Kh2 Rb1 30. h4 Rxb2 31. Ng5 Kh5 32. Kg3 1-0